| 000 | 00761nam a22001817a 4500 | ||
|---|---|---|---|
| 003 | BUBTL | ||
| 008 | 190504b xxu||||| |||| 00| 0 eng d | ||
| 020 | _a984-433-091-2 | ||
| 082 | _a954.92 / RAB | ||
| 100 |
_92319 _aরহমান, হাসান হাফিজুর |
||
| 245 |
_aবাংলাদেশের স্বাধীনতা যুদ্ধ: _bদলিলপত্র - একাদশ খণ্ড / _cহাসান হাফিজুর রহমান |
||
| 260 |
_aঢাকা : _bহাক্কানী পাবলিশার্স, _cc198৪. |
||
| 300 |
_axx, 791 p. : _c24 cm. |
||
| 650 | 0 |
_91755 _aমুক্তিযুদ্ধ |
|
| 856 |
_k0 _l0 _yDownload |
||
| 942 |
_2ddc _cBK |
||
| 999 |
_c6028 _d6028 |
||